General knowledge 2024 101 - Statistics

General Stats
  • This quiz has been taken 178 times
  • The average score is 10 of 20
Answer Stats
Questions Answer % Correct
How many consecutive Terms can a US president serve 2
98%
How many different oceans are there? 5
92%
How many soldiers are in a fire team? 5
92%
How many ounces in a pound? 16
88%
How many branches of government are there? 3
85%
What’s the country north of USA Canada
85%
What’s the country south of USA Mexico
85%
What’s the biggest bone in the body? Femur
73%
How many members of the US Senate are there? 100
63%
How many bones are in the body? 206
56%
How many pounds in a ton 2000
46%
Who was the only president to serve more than two consecutive terms Franklin Roosevelt
37%
Where is the smallest muscle in your body? Ear
33%
How many feet are in a mile? 5280
23%
How many days does it take mercury to go around the sun? 88
19%
Where is the biggest muscle in your body? Butt
19%
How many islands are in Hawaii? 137
15%
How many muscles are in the body? 697
6%
How many kilometers in a mile? 1.61
2%
About how many people are on the world? 4.5 billion
0%
No matching quizzes found
Score Distribution
Percent of People with Each Score
Percentile by Number Answered
Your Score History
You have not taken this quiz